000 01084nam a22003377a 4500
003 CHAP
005 20220329135810.0
008 971013s1976 mx a r 00010 spa d
010 _a42370
011 _a43342
035 _a47478
040 _cCHAP
082 0 4 _a631.7
_bM43
110 2 _aMéxico. Dirección General de Ingeniería Agrícola
_977000
245 1 _aBoletín informativo
260 _a(s.l.) :
_bLa Dirección,
_c1976
300 _apág. varía
_b: ilus
590 _aBATCH-UPD
_b10
_c20130110
_lUCH01
_h0059
590 _aBATCH-UPD
_b10
_c20130110
_lUCH01
_h1422
590 _aBATCH-UPD
_b10
_c20130409
_lUCH01
_h2048
590 _aBATCH-UPD
_b10
_c20130410
_lUCH01
_h0903
590 _aBATCH-UPD
_b10
_c20130914
_lUCH01
_h1639
590 _aCONVERSION
_b10
_c20130109
_lUCH01
_h1323
650 1 4 _aIngeniería agrícola.
_958196
650 1 4 _aIngeniería hidráulica
_xMéxico.
_958248
650 1 4 _aIrrigación
_xMéxico.
_960433
650 1 4 _aPresas.
_991480
901 _aBK
942 _cLIBRO
949 _a631.7 M43
_bBC
_cLIBRO
_d33724000168613
_eLIBRO
_h41547
_i47478
_mD
_si
999 _c42370
_d42370